[Event "Calvia Amateur op 20th"]
[Site "Calvia"]
[Date "2023.10.12"]
[Round "6"]
[White "Isakovs, Janis"]
[Black "Jekabsons, Ivars"]
[Result "1/2-1/2"]
[WhiteElo "1895"]
[BlackElo "2104"]
[PlyCount "80"]
[EventDate "2023.10.07"]
[EventType "swiss"]
[EventRounds "9"]
[EventCountry "ESP"]
[SourceTitle "CBM 216 Extra"]
[Source "ChessBase"]
[SourceDate "2023.11.30"]
[SourceVersion "1"]
[SourceVersionDate "2023.11.30"]
[SourceQuality "1"]

1. Nf3 c5 2. c4 Nc6 3. Nc3 g6 4. e3 Bg7 5. d4 cxd4 6. exd4 d6 7. Be3 Nh6 8. d5 Ne5 9. Nxe5 dxe5 10. f3 Nf5 11. Bf2 0-0 12. Bd3 Nd4 13. 0-0 b6 14. Rc1 Bh6 15. Rb1 Bd7 16. Re1 Bg7 17. Bg3 Qc7 18. Ne2 Nf5 19. Bf2 Rac8 20. b3 Rfe8 21. Ng3 Nd4 22. Ne2 Nf5 23. Ng3 Nd6 24. Rc1 e6 25. Ne4 f5 26. dxe6 Bxe6 27. Nxd6 Qxd6 28. Bxf5 Qxd1 29. Bxe6+ Rxe6 30. Rcxd1 Kf7 31. Rd7+ Re7 32. Rxe7+ Kxe7 33. Rd1 Ke6 34. Be3 Bf8 35. Kf2 Bc5 36. Rd5 Bb4 37. Ke2 h5 38. h4 Rc7 39. Rd8 Be7 40. Rg8 Kf7 1/2-1/2

[Event "Calvia Amateur op 19th"]
[Site "Calvia"]
[Date "2022.10.16"]
[Round "9"]
[White "Juan Mas, Santiago"]
[Black "Jekabsons, Ivars"]
[Result "0-1"]
[WhiteElo "1893"]
[BlackElo "2120"]
[PlyCount "98"]
[EventDate "2022.10.08"]
[EventType "swiss"]
[EventRounds "9"]
[EventCountry "ESP"]
[SourceTitle "CBM 210 Extra"]
[Source "ChessBase"]
[SourceDate "2022.11.30"]
[SourceVersion "1"]
[SourceVersionDate "2022.11.30"]
[SourceQuality "1"]

1. g3 c5 2. Bg2 Nc6 3. b3 Nf6 4. Bb2 g6 5. d3 Bg7 6. e3 0-0 7. Ne2 d6 8. Nd2 e5 9. 0-0 Be6 10. h3 Qd7 11. Kh2 Nd5 12. Nf3 e4 13. dxe4 Nxe3 14. fxe3 Bxb2 15. Rb1 Bg7 16. Nf4 Ne5 17. Qd2 Rad8 18. Rbd1 Nxf3+ 19. Bxf3 Be5 20. Bg2 Qe7 21. Qf2 Kg7 22. Kg1 b5 23. h4 Ra8 24. Kh2 a5 25. Nxe6+ fxe6 26. Bf3 Qxh4+ 27. Kg2 Qg5 28. Qe1 h5 29. Rh1 a4 30. Rh3 axb3 31. axb3 Ra2 32. Qe2 b4 33. Rd2 Ra7 34. Rd1 Ra2 35. Re1 h4 36. g4 Bg3 37. Rd1 Qe5 38. Rhh1 Ra7 39. Rdf1 Raf7 40. Kh3 Qc3 41. Rhg1 g5 42. Kg2 Ra7 43. Kh3 Ra2 44. Rg2 Qe5 45. Qd3 Ra1 46. Be2 Rfxf1 47. Bxf1 Qf6 48. Rg1 Qf2 49. Rh1 Be5 0-1

[Event "Calvia Amateur op 16th"]
[Site "Calvia"]
[Date "2019.10.13"]
[Round "9"]
[White "Scherer, Helmut"]
[Black "Jekabsons, Ivars"]
[Result "1/2-1/2"]
[WhiteElo "2278"]
[BlackElo "2119"]
[PlyCount "89"]
[EventDate "2019.10.05"]
[EventType "swiss"]
[EventRounds "9"]
[EventCountry "ESP"]
[SourceTitle "CBM 192 Extra"]
[Source "Chessbase"]
[SourceDate "2019.11.06"]
[SourceVersion "1"]
[SourceVersionDate "2019.11.06"]
[SourceQuality "1"]

1. e4 c5 2. Nf3 Nc6 3. Bb5 g6 4. c3 Nf6 5. Qe2 Qb6 6. Ba4 Bg7 7. h3 0-0 8. 0-0 d6 9. Rd1 e5 10. d3 Bd7 11. Bb3 a5 12. Na3 a4 13. Bc4 Rfe8 14. Bg5 h6 15. Bxf6 Bxf6 16. Bd5 Ne7 17. Nc4 Qc7 18. Ne3 Be6 19. c4 Bxd5 20. cxd5 h5 21. g4 hxg4 22. hxg4 Nc8 23. g5 Be7 24. Qf1 Kg7 25. Qg2 Rh8 26. Qg3 Rh5 27. Kg2 Nb6 28. Rh1 Rah8 29. b3 Qd8 30. Rxh5 Rxh5 31. Rh1 Rxh1 32. Kxh1 axb3 33. axb3 Nd7 34. Kg2 Nf8 35. Ng4 Nh7 36. Nfxe5 dxe5 37. Qxe5+ f6 38. gxf6+ Nxf6 39. Ne3 Qd6 40. Qg5 Qd8 41. d6 Bxd6 42. e5 Bxe5 43. Qxe5 b6 44. Ng4 Kf7 45. Ne3 1/2-1/2

[Event "Calvia Amateur op 15th"]
[Site "Calvia"]
[Date "2018.10.13"]
[Round "8"]
[White "Hrbolka, Ladislav"]
[Black "Jekabsons, Ivars"]
[Result "1/2-1/2"]
[WhiteElo "2054"]
[BlackElo "2201"]
[PlyCount "62"]
[EventDate "2018.10.06"]
[EventType "swiss"]
[EventRounds "9"]
[EventCountry "ESP"]
[SourceTitle "CBM 186 Extra"]
[Source "ChessBase"]
[SourceDate "2018.08.24"]
[SourceVersion "1"]
[SourceVersionDate "2018.08.24"]
[SourceQuality "1"]

1. d4 Nf6 2. Nf3 g6 3. c4 Bg7 4. Nc3 0-0 5. e4 d6 6. Be2 e5 7. d5 a5 8. Bg5 h6 9. Be3 Ng4 10. Bd2 f5 11. h3 Nf6 12. exf5 gxf5 13. Qc1 f4 14. g3 e4 15. Nh4 e3 16. fxe3 fxg3 17. Ng6 g2 18. Rg1 Bxh3 19. Nxf8 Kxf8 20. Qc2 Qe7 21. 0-0-0 Qe5 22. Qg6 Nbd7 23. e4 Re8 24. Bxh6 Re7 25. Qg5 Qxg5+ 26. Bxg5 Ne5 27. Bf4 Nfd7 28. Kd2 Bf6 29. Nb5 Nc5 30. Kc2 Nxe4 31. Nd4 Bg5 1/2-1/2

[Event "Calvia Amateur op 13th"]
[Site "Calvia"]
[Date "2016.10.14"]
[Round "7"]
[White "Jekabsons, Ivars"]
[Black "Lacrosse, Marc"]
[Result "0-1"]
[WhiteElo "2126"]
[BlackElo "2247"]
[PlyCount "52"]
[EventDate "2016.10.08"]
[EventType "swiss"]
[EventRounds "9"]
[EventCountry "ESP"]
[SourceTitle "CBM 175 Extra"]
[Source "ChessBase"]
[SourceDate "2016.12.12"]
[SourceVersion "1"]
[SourceVersionDate "2016.12.12"]
[SourceQuality "1"]

1. e4 e5 2. Nf3 Nc6 3. Bb5 a6 4. Ba4 Nf6 5. d4 exd4 6. 0-0 Be7 7. Re1 b5 8. Bb3 d6 9. Bd5 Nxd5 10. exd5 Ne5 11. Nxd4 0-0 12. f4 Bg4 13. Qd2 Nc4 14. Qd3 Bf6 15. Nc3 Re8 16. Rf1 Qd7 17. a4 c5 18. Nc6 Bf5 19. Qd1 b4 20. Ne2 Bxb2 21. Na5 Bxa1 22. Nxc4 Bg4 23. Be3 Rxe3 24. Nxe3 Bd4 25. Qd3 Bxe3+ 26. Qxe3 Re8 0-1

[Event "Calvia Amateur op 13th"]
[Site "Calvia"]
[Date "2016.10.12"]
[Round "5"]
[White "Ustianovich, Nazar"]
[Black "Jekabsons, Ivars"]
[Result "1-0"]
[WhiteElo "2316"]
[BlackElo "2126"]
[PlyCount "111"]
[EventDate "2016.10.08"]
[EventType "swiss"]
[EventRounds "9"]
[EventCountry "ESP"]
[SourceTitle "CBM 175 Extra"]
[Source "ChessBase"]
[SourceDate "2016.12.12"]
[SourceVersion "1"]
[SourceVersionDate "2016.12.12"]
[SourceQuality "1"]

1. Nf3 c5 2. c4 Nc6 3. d4 cxd4 4. Nxd4 g6 5. e4 Bg7 6. Be3 Nf6 7. Nc3 0-0 8. Be2 b6 9. 0-0 Bb7 10. f3 Nh5 11. Qd2 Nf4 12. Bxf4 Nxd4 13. Be3 Nxe2+ 14. Nxe2 Rc8 15. Rac1 d6 16. Bd4 Qc7 17. Bxg7 Kxg7 18. Nd4 a5 19. Kh1 Qc5 20. a4 Kg8 21. b3 Ba8 22. Rcd1 Rfe8 23. Rfe1 Bb7 24. Re2 Rcd8 25. h3 Rd7 26. Nc2 Bc6 27. Ne3 Qa3 28. Rb1 Ra8 29. Qc3 Qc5 30. Ng4 f6 31. Nf2 Qe5 32. Qd2 Kg7 33. Nd3 Qe6 34. Rbe1 Re8 35. Qe3 Rb8 36. Qd4 Kf8 37. Qc3 Rdb7 38. Nf4 Qe5 39. Qd2 Re8 40. Nd5 Bxd5 41. exd5 Qg5 42. Qd4 Rc8 43. h4 Qf5 44. Re6 Kf7 45. R1e4 Qh5 46. Qe3 Rcc7 47. Kg1 h6 48. Kf2 Rd7 49. Ke2 g5 50. g3 f5 51. Rd4 Rd8 52. Qd3 gxh4 53. Rf4 Kg7 54. Rxf5 Qe8 55. Qe4 Kh7 56. Qxh4 1-0

[Event "Calvia Amateur op 13th"]
[Site "Calvia"]
[Date "2016.10.10"]
[Round "3"]
[White "Satre, Roger"]
[Black "Jekabsons, Ivars"]
[Result "0-1"]
[WhiteElo "1827"]
[BlackElo "2126"]
[PlyCount "130"]
[EventDate "2016.10.08"]
[EventType "swiss"]
[EventRounds "9"]
[EventCountry "ESP"]
[SourceTitle "CBM 175 Extra"]
[Source "ChessBase"]
[SourceDate "2016.12.12"]
[SourceVersion "1"]
[SourceVersionDate "2016.12.12"]
[SourceQuality "1"]

1. e4 c5 2. Nc3 Nc6 3. g3 g6 4. Bg2 Bg7 5. d3 d6 6. Be3 e5 7. Nge2 Nge7 8. h4 Nd4 9. Qd2 Bg4 10. Ng1 h5 11. f3 Bd7 12. Nh3 b5 13. 0-0 b4 14. Nd1 Rb8 15. c3 Ndc6 16. Kh2 Qa5 17. Ng1 d5 18. Ne2 d4 19. cxd4 cxd4 20. Bf2 Bh6 21. f4 0-0 22. b3 Be6 23. Nb2 f6 24. Rfc1 Rfc8 25. Nc4 Qd8 26. Rc2 a5 27. Ng1 Na7 28. Nf3 Nec6 29. Qe1 exf4 30. gxf4 Bxf4+ 31. Bg3 Qc7 32. Rac1 Bxg3+ 33. Qxg3 Qxg3+ 34. Kxg3 Bxc4 35. Rxc4 Ne5 36. Rxc8+ Rxc8 37. Rxc8+ Nxc8 38. Nxd4 Nxd3 39. Nc6 Nc1 40. Nxa5 Nxa2 41. Nc6 Kf7 42. e5 Ne7 43. exf6 Nf5+ 44. Kh3 Kxf6 45. Be4 Ne3 46. Bb1 Nc3 47. Bxg6 Kxg6 48. Nxb4 Kf5 49. Nc6 Kf4 50. Nd4 Ke5 51. Nf3+ Kf4 52. Nd4 Nf5 53. Ne6+ Kf3 54. b4 Nd5 55. Ng5+ Ke3 56. b5 Nf4+ 57. Kh2 Nd5 58. Ne6 Nxh4 59. Ng7 Nf3+ 60. Kh1 h4 61. Nf5+ Kf2 62. Nxh4 Nxh4 63. Kh2 Nf4 64. b6 Nf3+ 65. Kh1 Ne2 0-1